Detalles MARC
| 000 -LEADER |
| fixed length control field |
02602nam a2200553Ii 4500 |
| 001 - CONTROL NUMBER |
| control field |
DIGRENAC0132 |
| 003 - CONTROL NUMBER IDENTIFIER |
| control field |
NyNyDIG |
| 008 - FIXED-LENGTH DATA ELEMENTS--GENERAL INFORMATION |
| fixed length control field |
200221s2014 sp ob 000 0 spa d |
| 006 - FIXED-LENGTH DATA ELEMENTS--ADDITIONAL MATERIAL CHARACTERISTICS |
| fixed length control field |
m o d |
| 007 - PHYSICAL DESCRIPTION FIXED FIELD--GENERAL INFORMATION |
| fixed length control field |
cr ||||||||||| |
| 040 ## - CATALOGING SOURCE |
| Original cataloging agency |
DGITA |
| Language of cataloging |
eng |
| Description conventions |
rda |
| -- |
pn |
| Transcribing agency |
DGITA |
| 020 ## - INTERNATIONAL STANDARD BOOK NUMBER |
| International Standard Book Number |
9788484729730 |
| Qualifying information |
(eBook ; |
| -- |
pdf) |
| 020 ## - INTERNATIONAL STANDARD BOOK NUMBER |
| International Standard Book Number |
8484729737 |
| Qualifying information |
(eBook ; |
| -- |
pdf) |
| 020 ## - INTERNATIONAL STANDARD BOOK NUMBER |
| Canceled/invalid ISBN |
9788484728764 |
| 020 ## - INTERNATIONAL STANDARD BOOK NUMBER |
| Canceled/invalid ISBN |
8484728765 |
| 043 ## - GEOGRAPHIC AREA CODE |
| Geographic area code |
e-sp--- |
| 050 14 - LIBRARY OF CONGRESS CALL NUMBER |
| Classification number |
PQ6098.H5 ebook |
| 082 04 - DEWEY DECIMAL CLASSIFICATION NUMBER |
| Classification number |
861 |
| 100 1# - MAIN ENTRY--PERSONAL NAME |
| Personal name |
Sánchez Rodríguez, Alfonso, |
| Relator term |
author. |
| 245 13 - TITLE STATEMENT |
| Title |
Un temblor de olas rojas : |
| Remainder of title |
poesía y compromiso político en la España de 1936 / |
| Statement of responsibility, etc. |
Alfonso Sánchez Rodríguez. |
| 264 #1 - PRODUCTION, PUBLICATION, DISTRIBUTION, MANUFACTURE, AND COPYRIGHT NOTICE |
| Place of production, publication, distribution, manufacture |
Sevilla : |
| Name of producer, publisher, distributor, manufacturer |
Renacimiento, |
| Date of production, publication, distribution, manufacture, or copyright notice |
MMXIV [2014] |
| 300 ## - PHYSICAL DESCRIPTION |
| Extent |
1 online resource. |
| 336 ## - CONTENT TYPE |
| Content type term |
text |
| Content type code |
txt |
| Source |
rdacontent |
| 337 ## - MEDIA TYPE |
| Media type term |
computer |
| Media type code |
c |
| Source |
rdamedia |
| 338 ## - CARRIER TYPE |
| Carrier type term |
online resource |
| Carrier type code |
cr |
| Source |
rdacarrier |
| 347 ## - DIGITAL FILE CHARACTERISTICS |
| File type |
text file |
| Source |
rdaft |
| 347 ## - DIGITAL FILE CHARACTERISTICS |
| Encoding format |
PDF |
| 490 1# - SERIES STATEMENT |
| Series statement |
Iluminaciones ; |
| Volume/sequential designation |
87 |
| 504 ## - BIBLIOGRAPHY, ETC. NOTE |
| Bibliography, etc. note |
Includes bibliographical references. |
| 505 0# - FORMATTED CONTENTS NOTE |
| Formatted contents note |
Poetas en la Guerra Civil (1936-1939) -- La soledad sangrienta -- José Bergamín en la Guerra Civil Española -- Víctor Cortezo y los sacripantes del Partido -- La guerra de los ingleses -- Amistades peligrosas de Rafael Alberti : El príncipe D. S. Mirsky -- José María Hinojosa : El más alegre de todos -- José María Hinojosa : El amigo de BUffalo Bill -- Málaga, 1936 : La muerte de José María Hinojoas -- Entrevista a Alfonso Sánchez Rodríguez : "Hinojosa es un secundario de lujo." |
| 588 0# - SOURCE OF DESCRIPTION NOTE |
| Source of description note |
Online resource; title from PDF title page (Digitalia, viewed February 23, 2020) |
| 650 #0 - SUBJECT ADDED ENTRY--TOPICAL TERM |
| Topical term or geographic name entry element |
Political poetry, Spanish |
| General subdivision |
History and criticism. |
| 650 #0 - SUBJECT ADDED ENTRY--TOPICAL TERM |
| Topical term or geographic name entry element |
Spanish poetry |
| Chronological subdivision |
20th century |
| General subdivision |
History and criticism. |
| 650 #0 - SUBJECT ADDED ENTRY--TOPICAL TERM |
| Topical term or geographic name entry element |
Politics and literature |
| Geographic subdivision |
Spain. |
| 650 #0 - SUBJECT ADDED ENTRY--TOPICAL TERM |
| Topical term or geographic name entry element |
Political poetry, Spanish. |
| 650 #0 - SUBJECT ADDED ENTRY--TOPICAL TERM |
| Topical term or geographic name entry element |
Politics and literature. |
| 650 #0 - SUBJECT ADDED ENTRY--TOPICAL TERM |
| Topical term or geographic name entry element |
Spanish poetry. |
| 650 #0 - SUBJECT ADDED ENTRY--TOPICAL TERM |
| Topical term or geographic name entry element |
War and literature. |
| 651 #0 - SUBJECT ADDED ENTRY--GEOGRAPHIC NAME |
| Geographic name |
Spain |
| General subdivision |
History |
| Chronological subdivision |
1939-1975 |
| General subdivision |
In literature. |
| 651 #0 - SUBJECT ADDED ENTRY--GEOGRAPHIC NAME |
| Geographic name |
Spain |
| General subdivision |
History |
| Chronological subdivision |
Civil War, 1936-1939 |
| General subdivision |
Literature and the war. |
| 655 #0 - INDEX TERM--GENRE/FORM |
| Genre/form data or focus term |
Electronic books. |
| 791 2# - |
| -- |
Digitalia (Firm), |
| -- |
distributor. |
| 793 0# - |
| -- |
Digitalia eBook Collection: |
| -- |
Editorial Renacimiento |
| 776 08 - ADDITIONAL PHYSICAL FORM ENTRY |
| Relationship information |
Print version: |
| Main entry heading |
Sánchez Rodríguez, Alfonso. |
| Title |
Temblor de olas rojas. |
| Place, publisher, and date of publication |
Sevilla : Renacimiento, MMXIV |
| International Standard Book Number |
9788484728764 |
| Record control number |
(DLC) 2014437675 |
| -- |
(OCoLC)884572220 |
| 830 #0 - SERIES ADDED ENTRY--UNIFORM TITLE |
| Uniform title |
Iluminaciones ; |
| Volume/sequential designation |
87. |
| 856 40 - ELECTRONIC LOCATION AND ACCESS |
| Materials specified |
Digitalia Hispánica |
| Uniform Resource Identifier |
<a href="https://www.digitaliapublishing.com/a/56486/">https://www.digitaliapublishing.com/a/56486/</a> |
| 910 ## - USER-OPTION DATA (OCLC) |
| User-option data |
Premium collection: 2020 |
| 942 ## - ADDED ENTRY ELEMENTS (KOHA) |
| Koha item type |
Recurso Electrónico |